Микровзрывы на поверхности металлов; Наука в СССР; № 2

Bibliografiske detaljer
Parent link:Наука в СССР: иллюстрированный научно-публицистический и информационный журнал/ Академия наук СССР (АН СССР).— , 1983-1991
№ 2.— 1987.— С. 48-55
Hovedforfatter: Месяц Г. А. Геннадий Андреевич
Andre forfattere: Пучкарев В. Ф.
Summary:В фонде НТБ ТПУ отсутствует
Sprog:russisk
Udgivet: 1987
Fag:
Format: MixedMaterials Book Chapter
KOHA link:https://koha.lib.tpu.ru/cgi-bin/koha/opac-detail.pl?biblionumber=602903

MARC

LEADER 00000naa0a2200000 4500
001 602903
005 20250313142305.0
035 |a (RuTPU)RU\TPU\tpu\29846 
035 |a RU\TPU\prd\121829 
090 |a 602903 
100 |a 20220315d1987 k||y0rusy50 ca 
101 0 |a rus 
102 |a RU 
200 1 |a Микровзрывы на поверхности металлов  |f Г. А. Месяц, В. Ф. Пучкарев 
333 |a В фонде НТБ ТПУ отсутствует 
461 |t Наука в СССР  |o иллюстрированный научно-публицистический и информационный журнал  |f Академия наук СССР (АН СССР)  |d 1983-1991 
463 |t № 2  |v С. 48-55  |d 1987 
610 1 |a труды учёных ТПУ 
700 1 |a Месяц  |b Г. А.  |c российский физик  |c академик, вице-президент РАН  |c выпускник Томского политехнического института  |f 1936-  |g Геннадий Андреевич  |3 (RuTPU)RU\TPU\pers\17099 
701 1 |a Пучкарев  |b В. Ф. 
801 1 |a RU  |b 63413507  |c 20110929 
801 2 |a RU  |b 63413507  |c 20220315  |g RCR 
942 |c CR